| 000 | 01175cam a2200325 a 4500 | ||
|---|---|---|---|
| 001 | 17044229 | ||
| 005 | 20170105102905.0 | ||
| 008 | 111114s2012 enk b 001 0 eng | ||
| 010 | _a 2011046384 | ||
| 020 | _a9780415570169 (hbk.) | ||
| 020 | _a9780203118849 (ebk) | ||
| 040 |
_aDLC _cDLC _dDLC |
||
| 042 | _apcc | ||
| 043 |
_aaz----- _aas----- |
||
| 050 | 0 | 0 |
_aDS341 _b.A89 2012 |
| 082 | 0 | 0 |
_a305.800954 _223 |
| 245 | 0 | 0 |
_aAutonomy and ethnic conflict in South and South-East Asia / _cedited by Rajat Ganguly. |
| 260 |
_aLondon ; _aNew York : _bRoutledge, _cc2012. |
||
| 300 |
_aix, 166 p. ; _c24 cm. |
||
| 490 | 0 | _aAsian security studies | |
| 504 | _aIncludes bibliographical references and index. | ||
| 650 | 0 |
_aEthnic conflict _zSouth Asia. |
|
| 650 | 0 |
_aEthnic conflict _zSoutheast Asia. |
|
| 651 | 0 |
_aSouth Asia _xHistory _xAutonomy and independence movements. |
|
| 651 | 0 |
_aSoutheast Asia _xHistory _xAutonomy and independence movements. |
|
| 700 | 1 | _aGanguly, Rajat. | |
| 906 |
_a7 _bcbc _corignew _d1 _eecip _f20 _gy-gencatlg |
||
| 942 |
_2ddc _cBK |
||
| 999 |
_c14815 _d14815 |
||